Anagrammi - Strumenti musicali - Statistics

Statistiche generali
  • Questo quiz è stato fatto 257 volte
  • Il punteggio medio è 15 su 24
Statistiche sulle risposte
Strumento % Corretto
arpa
94%
oboe
94%
tuba
92%
violino
92%
xilofono
92%
viola
89%
sassofono
86%
chitarra
85%
flauto
83%
tromba
79%
fagotto
71%
trombone
67%
organo
59%
contrabbasso
57%
fisarmonica
52%
pianoforte
51%
maracas
46%
timpani
45%
clarinetto
39%
armonica
37%
nacchere
36%
marimba
30%
ocarina
29%
triangolo
26%
Nessun quiz corrispondente trovato
Distribuzione punteggi
Percentuale di utenti per punteggio
Percentile per numero di risposta
I tuoi punteggi nel tempo
Non hai fatto questo quiz